000 01438nam a22002297a 4500
008 230811e20230725xxk|||||o|||| 00| 0 eng d
041 _aeng
110 _aRoyal Institution of Chartered Surveyors
245 _aRICS responds to latest DLUHC announcement on housing
_h[Electronic resource]
260 _aLondon,
_bRoyal Institution of Chartered Surveyors,
_c25 July 2023
520 _aThe Department for Levelling Up, Housing and Communities (DLUHC) have announced a series of initiatives aimed at providing a much-needed boost to the housing market, centred around increasing supply - Sam Rees and Gary Strong of the RICS respond. RICS welcomes the UK Government’s announcement on boosting the supply of homes, which is essential to creating a vibrant and affordable housing market. RICS also welcomes the announcement of the opening of the Cladding Safety Scheme, and again urges this be put in place quickly. Six years is too long for any resident to have to wait for Government to act when it comes to fire safety and cost alleviation
650 _aCLADDING
650 _aFIRE SAFETY
650 _aHOUSING
650 _aHOUSING MARKET
650 _aPLANNING
651 _aUnited Kingdom
690 _96215
_aAffordable housing
710 _aRoyal Institution of Chartered Surveyors
856 _uhttps://www.rics.org/news-insights/dluhc-housing-announcement-response-july-2023
_zAvailable free on RICS.org
942 _n0
999 _c121643
_d121643